Arbitration (Record no. 94743)

MARC details
000 -LEADER
fixed length control field 00859cam a2200277 4500
008 - FIXED-LENGTH DATA ELEMENTS--GENERAL INFORMATION
fixed length control field 090401t1994 xxu||||| |||| 00| 0 eng d
020 ## - INTERNATIONAL STANDARD BOOK NUMBER
International Standard Book Number 0950506125
035 ## - SYSTEM CONTROL NUMBER
System control number (Sirsi) u65195
041 ## - LANGUAGE CODE
Language code of text/sound track or separate title eng
050 ## - LIBRARY OF CONGRESS CALL NUMBER
Classification number 347.4109
-- 18
100 ## - MAIN ENTRY--PERSONAL NAME
Personal name Cheffings, Nicholas
245 ## - TITLE STATEMENT
Title Arbitration
Remainder of title a practitioner's guide
260 ## - PUBLICATION, DISTRIBUTION, ETC.
Place of publication, distribution, etc. London
Name of publisher, distributor, etc. Land Institute
Date of publication, distribution, etc. 1994
300 ## - PHYSICAL DESCRIPTION
Extent 64p.
Dimensions 21cm.
350 ## - PRICE (NR) (BK AM CF MU VM SE) [OBSOLETE]
Price 10.95
520 ## - SUMMARY, ETC.
Summary, etc. Incorporates "Precendent submission to an expert/arbitrator" by Hector M. Wilks.
650 ## - SUBJECT ADDED ENTRY--TOPICAL TERM
Topical term or geographic name entry element MANAGEMENT-DISPUTE AVOIDANCE, MANAGEMENT AND RESOLUTION-DISPUTE MANAGEMENT AND RESOLUTION-ARBITRATION
690 ## - LOCAL SUBJECT ADDED ENTRY--TOPICAL TERM (OCLC, RLIN)
Topical term or geographic name as entry element Dispute resolution
9 (RLIN) 6236
700 ## - ADDED ENTRY--PERSONAL NAME
Personal name Dowding, Nicholas
700 ## - ADDED ENTRY--PERSONAL NAME
Personal name Goodwyn, Charles W.
700 ## - ADDED ENTRY--PERSONAL NAME
Personal name Hoyes, Tom
700 ## - ADDED ENTRY--PERSONAL NAME
Personal name Musto, Alan
710 ## - ADDED ENTRY--CORPORATE NAME
Corporate name or jurisdiction name as entry element Land Institute
9 (RLIN) 77
942 ## - ADDED ENTRY ELEMENTS (KOHA)
Suppress in OPAC 0
948 ## - LOCAL PROCESSING INFORMATION (OCLC); SERIES PART DESIGNATOR (RLIN)
c (OCLC) 04/03/1997
Holdings
Withdrawn status Lost status Source of classification or shelving scheme Damaged status Not for loan Home library Current library Shelving location Date acquired Cost, normal purchase price Total Checkouts Full call number Barcode Date last seen Date last checked out Copy number Cost, replacement price Price effective from Koha item type
    Dewey Decimal Classification     London London Basement 23/06/1994 10.95 11 SHELF 329 30041958 06/08/2019 31/07/2003 1 10.95 06/08/2019 Book